00273nam a2200109Ia 4500008004100000100001600041245004400057250001100101260002800112300001000140650001300150190216s9999||||xx |||||||||||||| ||und|| aSharad Kant 0aPractical Approach To Cobol Programming asecond bWiley Eastern Ltdc1992 a528 p aComputer